000 00343nam a2200121Ia 4500
005 20260326100036.0
008 260326s9999||||xx |||||||||||||| ||und||
100 _aBecker, Hans J.
245 0 _aEsempi de pianificazione edilizia in Finlandia /
_cHans J. Becker
260 _bEdizioni di Comunità
650 _aARQUITECTURA REGIONAL
942 _cBK
999 _c6828
_d6828